000 00667nam a2200241Ia 4500
003 OSt
005 20221007071547.0
006 a|||||r|||| 00| 0
007 ta
008 221006b |||||||| |||| 00| 0 eng d
024 _a689
037 _cReference Collections
040 _aFLL
_cFLL
_beng
041 _2eng
_aeng
082 _aX:9:Z3, K9
100 _aHall J. R. Carby
_9688992
245 0 _aPrinciples of industrial law
260 _aLondon
_bCharles Knight & Company Ltd. India
_c1969
300 _a568p
_ccm.
650 _aIndustrial law
942 _hX:9:Z3, K9
_cREF
_2CC
999 _c1143681
_d1143681